000
00319nam a22001457a 4500
008
230414b ||||| |||| 00| 0 eng d
020
_a
9780789466914
041
_a
eng
080
_a
7
082
_a
7BON
100
_a
20
101
_a
ART
245
_a
JAMES BOND THE SECRET WORLS OF 007
_c
BOND.J
942
_2
udc
_c
BK
999
_c
59537
_d
59537